000 00352nam a2200145Ia 4500
008 150201s2009 xx 000 0 und d
082 _a616.5
_bM09A
100 _aARNDT ,KENNETH A
245 _aMANUAL OF DERMATOLOGY THERAPEUTICS
250 _a1ST
260 _bWOTER KLUWER
_aDELHI
_c2009
300 _a1-384
650 _aDERMATOLOGY
942 _2ddc
_cBK
999 _c561
_d561